|
|
|
|
| LEADER |
01439nam a2200397 a 4500 |
| 001 |
EBC2097910 |
| 003 |
MiAaPQ |
| 005 |
20200520144314.0 |
| 006 |
m o d | |
| 007 |
cr cn||||||||| |
| 008 |
081031s2008 ncu s 000 0 eng d |
| 020 |
|
|
|z 9781604910230
|
| 020 |
|
|
|z 9781604910247
|
| 035 |
|
|
|a (MiAaPQ)EBC2097910
|
| 035 |
|
|
|a (Au-PeEL)EBL2097910
|
| 035 |
|
|
|a (CaPaEBR)ebr10233769
|
| 035 |
|
|
|a (CaONFJC)MIL138315
|
| 035 |
|
|
|a (OCoLC)263342607
|
| 040 |
|
|
|a MiAaPQ
|c MiAaPQ
|d MiAaPQ
|
| 050 |
|
4 |
|a HF5548.85
|b .B35 2008
|
| 100 |
1 |
|
|a Bal, Vidula.
|
| 245 |
1 |
0 |
|a Managing leadership stress
|h [electronic resource] /
|c Vidula Bal, Michael Campbell, and Sharon McDowell-Larsen.
|
| 260 |
|
|
|a Greensboro, N.C. :
|b Center for Creative Leadership,
|c 2008.
|
| 300 |
|
|
|a 32 p.
|
| 490 |
1 |
|
|a Ideas into action guidebooks
|
| 500 |
|
|
|a "For the practicing manager"--Cover.
|
| 533 |
|
|
|a Electronic reproduction. Ann Arbor, MI : ProQuest, 2015. Available via World Wide Web. Access may be limited to ProQuest affiliated libraries.
|
| 650 |
|
0 |
|a Job stress.
|
| 650 |
|
0 |
|a Stress management.
|
| 650 |
|
0 |
|a Leadership
|x Psychological aspects.
|
| 655 |
|
4 |
|a Electronic books.
|
| 700 |
1 |
|
|a Campbell, Michael.
|
| 700 |
1 |
|
|a Mcdowell-larsen, Sharon.
|
| 710 |
2 |
|
|a ProQuest (Firm)
|
| 830 |
|
0 |
|a Ideas into action guidebooks.
|
| 856 |
4 |
0 |
|u https://ebookcentral.proquest.com/lib/matrademy/detail.action?docID=2097910
|z Click to View
|